000 01025naa a22002897a 4500
001 BR6100395
003 BR-BrBNA
005 20240918173236.0
007 ta
008 230509b bl.||||| |||| 00| 0 por d
040 _aBR-BrBNA
_bpor
_cBiblioteca Nacional de Agricultura
041 _a(Pt)
072 _aK10
_b3240
090 _aK10 BR6100395
100 1 _aKramer, M.
100 1 _aLeiderman, L.
100 1 _aGregori, R.
111 1 _a2. Conferencia Mundial do Eucalipto
_cSao Paulo, SP (Brazil)
_d13-28 Aug 1961
245 1 _aDesvitalizacao de eucaliptos por meios mecanicos e quimicos
260 3 _aRome (Italy):
_c1961.
500 _a2. Conferencia Mundial do Eucalipto. Relatorio e documentos. v. 2 Rome (Italy): 1961. p. 1372-1374 (BR6100395-AM)K10
650 _aEUCALIPTO
650 _aOPERACAO FLORESTAL
773 0 _t2. Conferencia Mundial do Eucalipto. Relatorio e documentos. v. 2
_wK10 BR6100395
_gRome (Italy), 1961. p. 1372-1374
909 _a202404
_bLucia
_c55
_dLucia Elande
942 _cAM
_2AGRIS
999 _c303555
_d303555